Вып. 1; Оценка и управление качеством подготовки специалистов как фактор интенсификации учебного процесса

Библиографические подробности
Источник:Оценка и управление качеством подготовки специалистов как фактор интенсификации учебного процесса: тезисы докладов Республиканской научно-методической конференции по вопросам оценки и управления качеством подготовки специалистов, Томск, 1988 г./ Томский политехнический институт (ТПИ) ; под ред. И. П. Чучалина. Вып. 1.— , 1988
Другие авторы: Чучалин И. П. Иван Петрович (редактор), Чудинов В. Н. Владимир Николаевич, Камышев Э. Н. Эдуард Николаевич
Примечания:В сборнике излагаются научно-методические и организационные вопросы повышения качества подготовки специалистов. Рассмотрен опыт ву­зов страны по организации и методическому обеспечению самостоятель­ной работы студентов по фундаментальным, общеинженерным, специаль­ным дисциплинам, в курсовом и дипломном проектировании, а также роль филиалов кафедр, базовых предприятий, НИИ, УНПК, УНК в повышении ка­чества подготовки специалистов
Язык:русский
Опубликовано: 1988
Предметы:
Формат: Книга
Запись в KOHA:https://koha.lib.tpu.ru/cgi-bin/koha/opac-detail.pl?biblionumber=235099

MARC

LEADER 00000nam2a2200000 4500
001 235099
005 20231101231355.0
035 |a (RuTPU)RU\TPU\book\256228 
035 |a RU\TPU\book\103468 
090 |a 235099 
100 |a 20130404d1988 km y0rusy50 ca 
101 0 |a rus 
102 |a RU 
105 |a y z 100zy 
200 0 |a Вып. 1  |f ред. коллегия : И. П. Чучалин ; В. Н. Чудинов ; Э. Н. Камышев и др. 
210 |d 1988 
215 |a 81 с. 
330 |a В сборнике излагаются научно-методические и организационные вопросы повышения качества подготовки специалистов. Рассмотрен опыт ву­зов страны по организации и методическому обеспечению самостоятель­ной работы студентов по фундаментальным, общеинженерным, специаль­ным дисциплинам, в курсовом и дипломном проектировании, а также роль филиалов кафедр, базовых предприятий, НИИ, УНПК, УНК в повышении ка­чества подготовки специалистов 
461 1 |0 (RuTPU)RU\TPU\book\256778  |t Оценка и управление качеством подготовки специалистов как фактор интенсификации учебного процесса  |o тезисы докладов Республиканской научно-методической конференции по вопросам оценки и управления качеством подготовки специалистов, Томск, 1988 г.  |f Томский политехнический институт (ТПИ) ; под ред. И. П. Чучалина  |v Вып. 1  |d 1988 
606 1 |a Высшее образование в целом  |2 stltpush  |3 (RuTPU)RU\TPU\subj\70411  |9 84678 
610 1 |a конференции 
610 1 |a специалисты 
610 1 |a высшее образование 
610 1 |a учебные процессы 
610 1 |a качество подготовки 
610 1 |a оценка 
610 1 |a интенсификация 
610 1 |a труды учёных ТПУ 
686 |a Ч48  |v LBC/SL-A  |2 rubbk 
702 1 |a Чучалин  |b И. П.  |c физик  |c ректор Томского института автоматизированных систем управления и радиоэлектроники (ТИАСУР) с 1972 по 1981 гг.  |c ректор Томского политехнического института (ТПИ) с 1981 по 1990 гг.  |c выпускник ФТФ ТПИ 1951 г.  |f 1925-  |g Иван Петрович  |2 stltpush  |3 (RuTPU)RU\TPU\pers\11823  |4 340 
702 1 |a Чудинов  |b В. Н.  |c российский ученый в области автоматизированных систем управления  |c доцент Томского политехнического университета  |f 1941-  |g Владимир Николаевич  |2 stltpush  |3 (RuTPU)RU\TPU\pers\18594  |4 340 
702 1 |a Камышев  |b Э. Н.  |c профессор кафедры социологии, психологии и права ТПУ  |f 1943-  |g Эдуард Николаевич  |2 stltpush  |3 (RuTPU)RU\TPU\pers\19796  |4 340 
801 1 |a RU  |b 63413507  |c 20060517  |g PSBO 
801 2 |a RU  |b 63413507  |c 20180202  |g PSBO 
942 |c BK